000 00956nam a22002774a 4500
001 36975
003 BD-RjUL
005 20211209052550.0
008 140924s2001 enkaf b 001 0 eng
020 _a0851993567 (alk. paper)
035 _a(BD-RjUL)37077
040 _aDLC
_cDLC
_dDLC
_dBD-RjUL
_beng
041 _aeng
082 0 0 _a632.96
_221
_bFUN 2001
245 0 0 _aFungi as biocontrol agents :
_bprogress problems and potential /
_cedited by T.M. Butt, C. Jackson, N. Magan.
260 _aOxon, UK ;
_aNew York :
_bCABI Pub.,
_cc2001.
300 _ax, 390 p., [2] p. of plates :
_bill. (some col.) ;
_c25 cm.
504 _aIncludes bibliographical references and index.
650 0 _aFungi as biological pest control agents.
_9112965
700 1 _aButt, T. M.
_q(Tariq M.)
_9112966
700 1 _aJackson, C.
_q(Chris)
_9112967
700 1 _aMagan, N.
_q(Naresh)
_9112968
942 _2ddc
_cBK
999 _c36975
_d36975